<?xml version='1.0' encoding='UTF-8'?>
  <record xmlns="http://www.loc.gov/MARC21/slim">
    <leader>00000cam a22000007i 4500</leader>
    <controlfield tag="001">ocm66856477</controlfield>
    <controlfield tag="003">OCoLC</controlfield>
    <controlfield tag="005">20240605210021.9</controlfield>
    <controlfield tag="008">031214s1585    gw            000 0 ger d</controlfield>
    <datafield tag="040" ind1=" " ind2=" ">
      <subfield code="a">NLGGC</subfield>
      <subfield code="b">dut</subfield>
      <subfield code="e">fobidrtb</subfield>
      <subfield code="c">NLGGC</subfield>
      <subfield code="d">OCLCL</subfield>
      <subfield code="d">OCLCQ</subfield>
    </datafield>
    <datafield tag="029" ind1="0" ind2=" ">
      <subfield code="a">NLGGC</subfield>
      <subfield code="b">257910379</subfield>
    </datafield>
    <datafield tag="035" ind1=" " ind2=" ">
      <subfield code="a">(OCoLC)66856477</subfield>
    </datafield>
    <datafield tag="245" ind1="0" ind2="0">
      <subfield code="a">Declaration oder Ercklärung der Ursachen, zu beyden Seidten, so wol der Protestierenden als der Catholischen in Franckreich, deren gewaltigen daselbst jetzt von newem entstandnen Kriegsrustung und Empörung, daran eintweder das Auffnemen und Heyl; oder aber das Undergehen und Verderben, des gantzen Königreichs, und Europe mit gelegen ist, sambt dreyerley darauff volgenden sehr nutzlichen, und bey diesen geuerlichen Zeitten gantz notwendigen Bedencken, alles dem guttwilligen Leser zugefallen, historischer Weyss ordentlich nacheinander verfast, kurtzlich beschrieben, und heimbgestelt, was einem jeden zuthun und zulassen furs beste angesehen; dan hierin weder einem nach dem andern Theil nichts benommen oder prejudiciert, sonder alles gantz unpartheisch erzölet und angezeigt wirdt, von 24. Jharen her, biss auff gegenwürtigs Jahr nach Christi Geburt 1585.</subfield>
    </datafield>
    <datafield tag="260" ind1=" " ind2=" ">
      <subfield code="a">[Köln] :</subfield>
      <subfield code="b">[Gottfried von Kempen],</subfield>
      <subfield code="c">1585.</subfield>
    </datafield>
    <datafield tag="300" ind1=" " ind2=" ">
      <subfield code="a">[40] p. ;</subfield>
      <subfield code="c">20 cm.</subfield>
    </datafield>
    <datafield tag="336" ind1=" " ind2=" ">
      <subfield code="a">tekst</subfield>
      <subfield code="b">txt</subfield>
      <subfield code="2">rdacontent/dut</subfield>
    </datafield>
    <datafield tag="337" ind1=" " ind2=" ">
      <subfield code="a">zonder medium</subfield>
      <subfield code="b">n</subfield>
      <subfield code="2">rdamedia/dut</subfield>
    </datafield>
    <datafield tag="338" ind1=" " ind2=" ">
      <subfield code="a">band</subfield>
      <subfield code="b">nc</subfield>
      <subfield code="2">rdacarrier/dut</subfield>
    </datafield>
    <datafield tag="510" ind1="0" ind2=" ">
      <subfield code="a">VD 16.1, D 435</subfield>
    </datafield>
    <datafield tag="758" ind1=" " ind2=" ">
      <subfield code="a">Declaration oder Ercklärung der Ursachen, zu beyden Seidten, so wol der Protestierenden als der Catholischen in Franckreich, deren gewaltigen daselbst jetzt von newem entstandnen Kriegsrustung und Empörung, daran eintweder das Auffnemen und Heyl ; oder aber das Undergehen und Verderben, des gantzen Königreichs, und Europe mit gelegen ist, sambt dreyerley darauff volgenden sehr nutzlichen, und bey diesen geuerlichen Zeitten gantz notwendigen Bedencken, alles dem guttwilligen Leser zugefallen, historischer Weyss ordentlich nacheinander verfast, kurtzlich beschrieben, und heimbgestelt, was einem jeden zuthun und zulassen furs beste angesehen ; dan hierin weder einem nach dem andern Theil nichts benommen oder prejudiciert, sonder alles gantz unpartheisch erzölet und angezeigt wirdt, von 24. Jharen her, biss auff gegenwürtigs Jahr nach Christi Geburt 1585 (Text)</subfield>
      <subfield code="1">https://id.oclc.org/worldcat/entity/E39PD3JH4y9kF3K3gdm7VtfYDV</subfield>
      <subfield code="4">https://id.oclc.org/worldcat/ontology/hasWork</subfield>
    </datafield>
    <datafield tag="936" ind1=" " ind2=" ">
      <subfield code="a">BATCHLOAD</subfield>
    </datafield>
  </record>